Ancient Egypt : (Record no. 6181)

MARC details
000 -LEADER
fixed length control field 01060nam a22002657a 4500
001 - CONTROL NUMBER
control field 6181
003 - CONTROL NUMBER IDENTIFIER
control field FISKH
005 - DATE AND TIME OF LATEST TRANSACTION
control field 20250324161124.0
008 - FIXED-LENGTH DATA ELEMENTS--GENERAL INFORMATION
fixed length control field 250324b cb ||||| |||| 00| 0 eng d
020 ## - INTERNATIONAL STANDARD BOOK NUMBER
International Standard Book Number 9781472349019
040 ## - CATALOGING SOURCE
Original cataloging agency FISKH
Language of cataloging eng
Transcribing agency FISKH
Modifying agency FISKH
050 ## - LIBRARY OF CONGRESS CALL NUMBER
Classification number DT61 .P7603
082 ## - DEWEY DECIMAL CLASSIFICATION NUMBER
Classification number 932
100 ## - MAIN ENTRY--PERSONAL NAME
Personal name Ricart, Joan
245 ## - TITLE STATEMENT
Title Ancient Egypt :
Remainder of title Civilizations of the Nile valley from pharaohs to farmers /
Statement of responsibility, etc. By Joan Ricart
250 ## - EDITION STATEMENT
Edition statement This edition published in 2014
260 ## - PUBLICATION, DISTRIBUTION, ETC.
Place of publication, distribution, etc. UK :
Name of publisher, distributor, etc. Parragon Book Ltd ;
Date of publication, distribution, etc. 2014.
300 ## - PHYSICAL DESCRIPTION
Extent 223 pages :
Other physical details color illustrations ;
Dimensions 28 cm .
520 ## - SUMMARY, ETC.
Summary, etc. Presents one of history's most remarkable civilizations. Explores how ancient Egyptian society was organized, everyday life, religion, mythology, art, and more. Includes over 250 gorgeous photographs of art, artefacts and architecture, plus striking 3D illustrations
650 ## - SUBJECT ADDED ENTRY--TOPICAL TERM
Topical term or geographic name entry element Ancient civilizations
Form subdivision Non-fiction
650 ## - SUBJECT ADDED ENTRY--TOPICAL TERM
Topical term or geographic name entry element History of medicine
Form subdivision Non-fiction
700 ## - ADDED ENTRY--PERSONAL NAME
Personal name Ribot, Susana
Relator term Designer
942 ## - ADDED ENTRY ELEMENTS (KOHA)
Source of classification or shelving scheme Dewey Decimal Classification
Koha item type Books
Suppress in OPAC No
Holdings
Withdrawn status Lost status Source of classification or shelving scheme Damaged status Not for loan Collection Home library Current library Shelving location Date acquired Total Checkouts Full call number Barcode Date last seen Price effective from Koha item type
    Dewey Decimal Classification     Non-Fiction Footprints International School Library Network Toul Tom Poung Campus Footprints International School Library Network Toul Tom Poung Campus TTP Secondary Non-Fiction Bookshelves 03/24/2025   RIC 932 DT61 .P7603 2025-0807 03/24/2025 03/24/2025 Books